000 01202nam a2200385 a 4500
001 vtls000031172
003 NLI
005 20210601183507.0
008 101125s2002 iau 000 0 eng
020 _a0877458170
_c$ 49.95
039 9 _y201011250247
_zVLOAD
040 0 _aNLI
_beng
_cVERGIS-2003
041 0 _aeng
044 _aiau
082 0 4 _a792.01
100 1 _aRozik, Eli
_995250
245 1 0 _aRethinking ritual and other theories of origin/
_cEli Rozik
260 _aIowa City:
_bUniversity of Lowa Press,
_c2002
300 _axix,;
_c24 cm.
440 0 _aStudies in theatre history and culture
_995251
500 _aIncludes index
504 _aBibliography: p. 349-356
650 0 _aTheater
_xDesign
_995252
650 0 _aRites and ceremonies
_94650
887 _aSivan, S.
901 _a544536
_b12/05/2002
902 _aE 792.01 R 818
903 _a01/04/2004
904 _aSivan, S.
906 _a031754
949 _AVIRTUAITEM
_D10000
_F1
_X100
_6PUR000544536ENG
_aE 792.01 R818
942 _2ddc
_cBKS
999 _aVIRTUA
_c35239
_d35239
999 _aVTLSSORT0080*0200*0400*0410*0440*0820*1000*2450*2600*3000*4400*5000*5040*6500*6501*8520*9010*9020*9030*9040*9060*9490*9991